| 000 | 00546nam a22002177a 4500 | ||
|---|---|---|---|
| 003 | OSt | ||
| 005 | 20260423154849.0 | ||
| 008 | 260423b |||||||| |||| 00| 0 eng d | ||
| 020 | _a81-713-0016-2 | ||
| 040 | _cSBCL | ||
| 082 |
_a894.8123 _bBAS-M |
||
| 100 | _aBasheer, Vaikom Muhammad | ||
| 245 | _aMathilukal | ||
| 250 | _a49th ed. | ||
| 260 |
_aKottayam _bDC Books _c2025 |
||
| 300 | _a72p. | ||
| 630 | _xLiterature | ||
| 650 | _aLiteratures of other languages | ||
| 650 | _aAltaic, Uralic, Hyperborean & Dravidian | ||
| 942 | _cBOOK | ||
| 999 |
_c138039 _d138039 |
||